| 000 | 00485nam a2200181 a 4500 | ||
|---|---|---|---|
| 008 | |||
| 049 | _aMAIN | ||
| 090 |
_aTK5105.5 _bCON |
||
| 245 | 1 | 0 | _aConcepts of ARC Local Networking |
| 260 | _aData Point Coorporation | ||
| 300 |
_av, 70 pages : _billustrations, _c28 cm |
||
| 650 | 1 | _aLocal Networking | |
| 907 |
_a.b10416985 _b08-04-22 _c08-04-22 |
||
| 003 | |||
| 005 | 20230120144507.0 | ||
| 040 | _cNUST | ||
| 942 |
_cBOOKS _kTK5105.5 _mCON |
||
| 999 |
_c97845 _d97845 |
||